El espectador

Αποθηκεύτηκε σε:
Λεπτομέρειες βιβλιογραφικής εγγραφής
Μορφή: Βιβλίο
Γλώσσα:Ισπανικά
Έκδοση: Madrid Revista de Occidente 1926
Θέματα:
Ετικέτες: Προσθήκη ετικέτας
Δεν υπάρχουν, Καταχωρήστε ετικέτα πρώτοι!

MARC

LEADER 00000nam a2200000 a 4500
001 UCP1011
003 CL-VaPUC
008 990326e19260000SP |||||||||||||||||spa|d
082 0 4 |a 196.1  |b ORT  |2 21 
245 1 3 |a El espectador 
300 |a v 
942 |c BK 
945 |d 19990326 00:00:00  |a lazolas 
260 |a Madrid  |b Revista de Occidente  |c 1926 
650 0 |a Filosofía española   |9 254895 
650 0 |a Democracia  |9 255256 
650 0 |a Política  |9 255312 
650 0 |a Historia  |9 255047 
583 |a last modification  |c 19990326 00:00:00  |k Rodrigo Vera 
999 |c 279733  |d 279731 
952 |0 0  |1 0  |4 0  |6 196_100000000000000_ORT_1926  |7 0  |8 X  |9 319507  |a BIBHIS  |b BIBHIS  |d 2019-11-20  |h v.5  |i 1331779  |o 196.1 ORT 1926  |p 1331779  |r 2024-01-30  |w 2019-11-20  |y BK_X  |k HIS